000 00923nas a2200313 4500
001 BR0602114
003 BR-BrBNA
005 20231205110007.0
007 ta
008 230509b bl.|||p| |||| 00| 00por d
040 _aBR-BrBNA
_bpor
_cBiblioteca Nacional de Agricultura
041 _a(Pt)
072 _aQ03
100 1 _aStanford, T.L.M.
100 1 _aSilva, C.G.M. da
100 1 _aMota, R.A.
100 1 _aCunha Neto, A. da
245 1 _aEnterotoxigenicidade de Staphylococcus spp. isolados de leite in natura
650 _aLEITE
650 _aSTAPHYLOCOCCUS AUREUS
650 _aCONTAMINAÇÃO BACTÉRIANA
650 _aMICROORGANISMO
650 _aPATÓGENO
650 _aELISA
650 _aPERNAMBUCO
773 0 _tCiência e Tecnologia de Alimentos (Brazil)
_xISSN 0101-2061
_g(Jan-Mar 2006), v. 26(1) p. 41-45
_wBR0602114
909 _a202311
_bLúcia
_c55
_dLúcia Elande
942 _2AGRIS
_n0
_cANA
999 _c185721
_d185721